WYMIEŃ POMIESZCZENIA W DOMU: - Statystyki

Ogólne statystyki
  • Ten quiz został rozwiązany 782 razy
  • Średni wynik to 5 z 6
Statystyki odpowiedzi
Odpowiedź % Poprawnych
KUCHNIA
98%
ŁAZIENKA
98%
SALON
95%
SYPIALNIA
92%
GARDEROBA
42%
JADALNIA
42%
Nie znaleziono quizów pasujących do podanych kryteriów
Rozkład punktacji
Procent ludzi z każdym wynikiem
Percentyl według liczby udzielonych odpowiedzi
Twoja historia wyników
Nie rozwiązałeś tego quizu